Дело о службе состоявшего в ведомстве Театральной дирекции, уволенного медика штаб-лекаря, коллежского асессора Николая Асмуса

Доступно только в Электронных читальных залах Найти на картеНа карте
RUSMARC
00003810nmc2a22000003x 450
001987a19e6-751b-4dde-a233-9417a06cc49e
00520181226135158.0
100##$a20170629l18481854k l0rusy0189 ca
1010#$arus
102##$aRU
2001#$aДело о службе состоявшего в ведомстве Театральной дирекции, уволенного медика штаб-лекаря, коллежского асессора Николая Асмуса
$j17 ноября 1848 г. - 22 января 1854 г.
251##$cДело
300##$aПо Санкт-Петербургской дирекции за 1848 год
300##$aДело
801#0$aRU
$bРГИА
$c20170629
$gRCR
801#1$aRU
$bГлавНИВЦ
$c20170629
$2rusmarc
801#2$aRU
$bПБ им. Б.Н. Ельцина
$c20181226
$gRCR
$2rusmarc
850##$aРГИА
852##$aРГИА
$eФедеральное казенное учреждение "Российский государственный исторический архив" (РГИА)
$j11534
937##$hРГИА
$d12247642
$aASBIBLIO_SCAN
462#0$1001dd3991dc-24e1-42ec-8838-ca4255420416
$12001
$aДирекция императорских театров (1746-1850 гг.)
$1251
$cОпись
$1852
$j1
461#0$10019264ebf8-de62-4f1a-9eb4-9f22098dbbd5
$12001
$aДирекция императорских театров Министерства императорского двора
$1251
$cФонд
$1852
$j497
215##$a19 л.
$d36,5х26 см
371##$aДокумент не является опубликованным и широко распространяемым
105##$ay###
1222#$ad
035##$a987a19e6-751b-4dde-a233-9417a06cc49e
856##$uhttp://readingroom.main.prlib.ru/item.aspx?id_node=n122438534&mode=full
Формат отображения